| 000 | 00616nam a22001937a 4500 | ||
|---|---|---|---|
| 999 |
_c165278 _d165278 |
||
| 005 | 20190613162406.0 | ||
| 010 | _aENG-125565 | ||
| 020 |
_a9789381574959 _c900.00 |
||
| 035 | _aEN-109097 | ||
| 037 | _bDBAD/PUB | ||
| 082 | _a016.052 | ||
| 100 | _aChaudhuri, Sibadas | ||
| 245 |
_aIndex to the Publications of the Asiatic Socity/ _cby Sibadas Chaudhuri |
||
| 260 |
_aKolkata _c2019 _bSatyabrata Chakrabarti |
||
| 270 |
_aGeneral Secretary the Asiatic Society 1 Park Street _bkolkata _e700016 |
||
| 300 |
_a836p. _c24cm(pbk) _bill. |
||
| 500 | _ainclude index | ||
| 942 |
_2ddc _cEN _h061.052 _mCHU |
||